Calciatori nella Hall of Fame dell'Ac Milan - Statistics

Statistiche generali
  • Questo quiz è stato fatto 246 volte
  • Il punteggio medio è 25 su 53
Statistiche sulle risposte
Militanza Risposta % Corretto
(1954-1966) Cesare Maldini
99%
(1984-2009) Paolo Maldini
99%
(1977-1997) Franco Baresi
91%
(1987-1993; 1994) Ruud Gullit
90%
(2001-2011) Andrea Pirlo
88%
(2003-2009; 2013-2014) Kakà
88%
(1987-1995) Marco van Basten
88%
(2002-2012) Alessandro Nesta
83%
(2001-2012) Filippo Inzaghi
83%
(1999-2006; 2008-2009) Andrij Shevchenko
82%
(2001-2006) Rui Costa
80%
(2000-2001; 2002-2010) Dida
78%
(2002-2012) Clarence Seedorf
76%
(1986; 1987-2007) Alessandro Costacurta
74%
(1988-1993) Frank Rijkaard
70%
(1960-1979) Gianni Rivera
69%
(2008-2011) Ronaldinho
69%
(2003-2008) Cafu
68%
(1990-2002) Sebastiano Rossi
61%
(1949-1956) Gunnar Nordahl
59%
(1987-1992) Carlo Ancelotti
57%
(1995-2000) George Weah
56%
(1980-1997) Mauro Tassotti
50%
(1986-1988; 1989-1995) Daniele Massaro
46%
(1986-1996; 1997-1999) Roberto Donadoni
45%
(1995-1997) Roberto Baggio
44%
(1999-2008) Serginho
42%
(1992-2001) Zvonimir Boban
39%
(1992-1998) Dejan Savićević
37%
(1983-1996) Filippo Galli
37%
(1986-1990) Giovanni Galli
37%
(1988-1990; 1991-2002) Demetrio Albertini
36%
(1958-1965) José Altafini
34%
(1993-1998) Marcel Desailly
32%
(1998-2001) Oliver Bierhoff
32%
(1980-1993) Alberico Evani
31%
(1989-1997; 2001-2002) Marco Simone
30%
(1984-1989) Pietro Paolo Virdis
30%
(1966; 1967-1973) Pierino Prati
28%
(1949-1953) Gunnar Gren
22%
(1997-2001; 2002-2003) Leonardo
21%
(1976-1980) Fabio Capello
20%
(1958; 1959-1971) Giovanni Trapattoni
20%
(1967-1972) Fabio Cudicini
17%
(1961-1970) Giovanni Lodetti
14%
(1971-1972; 1973-1982) Aldo Maldera
13%
(1965-1974) Karl-Heinz Schnellinger
11%
(1954-1960) Schiaffino
10%
(1965-1970) Sormani
7%
(1966-1973) Roberto Rosato
6%
(1977-1982) Ruben Buriani
6%
(1955-1959; 1961-1965) Luigi Radice
5%
(1961-1964) Dino Sani
3%
Nessun quiz corrispondente trovato
Distribuzione punteggi
Percentuale di utenti per punteggio
Percentile per numero di risposta
I tuoi punteggi nel tempo
Non hai fatto questo quiz